Statistics for Countries with the Most Coral Reefs

Click here to take the quiz!

General Stats

  • This quiz has been taken 9,112 times
  • The average score is 13 of 20

Answer Stats

km2 Country % Correct
48,960Australia
100%
51,020Indonesia
94%
3,770United States
91%
5,790India
84%
3,600Malaysia
82%
25,060Philippines
81%
13,840Papua New Guinea
77%
10,020Fiji
76%
5,750Solomon Islands
70%
4,340F. S. Micronesia
67%
6,110Marshall Islands
66%
4,110Vanuatu
65%
14,280France
59%
8,920Maldives
58%
5,510United Kingdom
57%
3,150Bahamas
49%
3,800Egypt
42%
6,660Saudi Arabia
39%
3,580Tanzania
30%
3,260Eritrea
15%

Score Distribution

Percentile by Number Answered

Percent of People with Each Score

Your Score History

You have not taken this quiz